| 000 | 00000nas##2200000za#4500 |
| 001 | 9.509384 |
| 003 | CaOODSP |
| 005 | 20200325103555 |
| 007 | ta |
| 008 | 150406c1997||||xxc|| m #||||f| |0eng|d |
| 040 | |aCaOODSP|beng |
| 041 | |aeng |
| 041 | |afre |
| 043 | |an-cn--- |
| 086 | 1 |aH12-30 |
| 110 | 1 |aCanada.|bHealth Canada. |bHealth Protection Branch. |
| 245 | 10|aAlert: medical devices / |cIssued by the Medical Devices Directorate. |
| 260 | |aOttawa - Ontario : |bHealth Canada. |
| 310 | |aIrregular |
| 500 | |a"To: All Canadian physicians and surgeons."--Page 1. |
| 520 | 3 |aTo: All Canadian physicians and surgeons.--Page 1 |
| 546 | |aBilingual |
| 563 | |aPamphlet |
| 776 | 0#|tAlerte : matériels médicaux / |w(CaOODSP)9.500604 |
| 792 | |tAlerte: matériels médicaux / |efre|w(CaOODSP)9.509385 |